Getting To Know ArcGIS Desktop (Record no. 26273)
[ view plain ]
| 000 -LEADER | |
|---|---|
| fixed length control field | 00391nam a22001817a 4500 |
| 003 - CONTROL NUMBER IDENTIFIER | |
| control field | OSt |
| 005 - DATE AND TIME OF LATEST TRANSACTION | |
| control field | 20220110111217.0 |
| 008 - FIXED-LENGTH DATA ELEMENTS--GENERAL INFORMATION | |
| fixed length control field | 220110b |||||||| |||| 00| 0 eng d |
| 020 ## - INTERNATIONAL STANDARD BOOK NUMBER | |
| International Standard Book Number | 158948083X |
| 040 ## - CATALOGING SOURCE | |
| Transcribing agency | HU |
| 082 ## - DEWEY DECIMAL CLASSIFICATION NUMBER | |
| Classification number | 285.53 |
| 100 ## - MAIN ENTRY--PERSONAL NAME | |
| Personal name | Getting |
| 9 (RLIN) | 27373 |
| 245 ## - TITLE STATEMENT | |
| Title | Getting To Know ArcGIS Desktop |
| 250 ## - EDITION STATEMENT | |
| Edition statement | 2ed |
| 260 ## - PUBLICATION, DISTRIBUTION, ETC. | |
| Place of publication, distribution, etc. | USA |
| 300 ## - PHYSICAL DESCRIPTION | |
| Type of unit | 572 |
| 942 ## - ADDED ENTRY ELEMENTS (KOHA) | |
| Source of classification or shelving scheme | Dewey Decimal Classification |
| Koha item type | Books like text book referance book |
| Suppress in OPAC | No |
| Withdrawn status | Lost status | Source of classification or shelving scheme | Damaged status | Not for loan | Home library | Current library | Shelving location | Date acquired | Total Checkouts | Full call number | Barcode | Date last seen | Copy number | Price effective from | Koha item type | Collection code |
|---|---|---|---|---|---|---|---|---|---|---|---|---|---|---|---|---|
| Dewey Decimal Classification | IoT Library | IoT Library | General Stacks | 01/10/2022 | 285.53/GET/2004 | IOTL0003663 | 01/10/2022 | 1 | 01/10/2022 | Books like text book referance book | ||||||
| Dewey Decimal Classification | Wondo Genet Library | Wondo Genet Library | General Stacks | 03/16/2022 | 910/.285/53 GET 2001 | WGCFNRL00013602 | 03/16/2022 | 2 | 03/16/2022 | Books like text book referance book | Non-fiction |